04017cam a2200361 i 450000100090000000300050000900500170001400800410003101000170007202000310008903500130012004000340013304200080016705000240017508200210019910000320022024501290025226400560038130000440043733600260048133700280050733800270053550400520056250504930061452021940110765000240330165000390332565000500336465000440341470000290345870000350348777601330352221826125CSPC20250904120717.0201201s2021 nyua b 001 0 eng  a 2020053020 a9780367776015q(paperback) a21826125 aDLCbengcDLCerdadDLCdCSPC apcc00aJF1525.P6bG75 202100a320.6bG856c2231 aGreenwood, Steven,eauthor.10aCollaborative governance :bprinciples, processes, and practical tools /cSteven Greenwood, Laurel Singer, and Wendy Willis. 1aNew York, NY ;aAbingdon, Oxon :bRoutledge,c2021. ax, 213 pages :billustrations ;c23 cm. atextbtxt2rdacontent aunmediatedbn2rdamedia avolumebnc2rdacarrier aIncludes bibliographical references and index.0 aIntroduction -- Section 1. Definitions, context, and dynamics -- Definitions and descriptions -- Collaborative governance in a constitutional context -- Typologies -- Fundamental dynamics of collaboration -- Section 2. Framework and process -- Assessment -- Design and organization -- Deliberation and decision-making -- Implementation and adaptation -- Section 3. Skills to improve collaborative governance -- Strengthening collaborative governance groups -- Individual leadership tools. a"Traditional governance, even when it is functioning effectively and fairly, often produces clear winners and clear losers, leaving smoldering resentments that flare up whenever there is a shift in the balance of power. Over the past two and a half decades, a new style of governance has arisen to disrupt some of that winner-takes-all dynamic, offering parties a means to collectively navigate their interests in a highly focused and democratic way. Collaborative Governance is the first true textbook on the topic, presenting a solid grounding in relevant theory while also focusing on case studies, process design, and practical tools. While existing books on collaborate governance focus on environmental and natural resource conflict resolution, this book also draws on case studies involving collaborative, community-based project implementation and cases that focus on human services and social equity. Bringing together theory and tools from the fields of negotiation and mediation, as well as political science and public administration, this book introduces students and practitioners to the theory of collaborative governance in the context of practical applications. Coverage includes: A connection of the practices of collaborative governance with the field's theoretical underpinnings Tools for students and practitioners of collaborative governance-as well as public administrators and other possible participants in collaborative governance processes-to discern when collaborative governance is appropriate in politically complex, real-world settings A roadmap for students, practitioners, and process participants to help them design-and effectively participate in-productive, efficient, and fair collaborative governance processes An exploration of constitutional democracy and the ways in which collaborative governance can be used as a tool in building a more just, fair, and functional society. Collaborative Governance is an ideal primary textbook in public administration, planning, and political science courses, as well as a jargon-free primer for professionals looking to learn more about the theory and practice of this important field"--cProvided by publisher. 0aPolitical planning. 0aPublic-private sector cooperation. 0aPublic administrationxCitizen participation. 0aPublic administrationxDecision making.1 aSinger, Laurel,eauthor.1 aWillis, Wendy,d1966-eauthor.08iOnline version:aGreenwood, Steven,tCollaborative governancedNew York, N.Y. : Routledge, 2021z9781003172062w(DLC) 2020053021